000 00793nam a2200205Ii 4500
003 JO-AjNU
008 230605s9999||||xx |||||||||||||| ||und||
040 _aJO-AjNU
_bara
_erda
_cJO-AjNU
041 _aara
050 1 4 _aBP155.I2672 2003
100 3 _aبن قدامة المقدسي، موفق الدين أبي محمد عبدالله ابن أحمد 541-620 هجري,
_eauthor
_928930
245 0 0 _aعمدة الفقه على مذهب الأمام أحمد
250 _aط1
264 3 1 _aبيروت: دار ابن حزم، 2003
300 _a150ص
336 _atext
_btxt
_2rdacontent
337 _aunmediated
_bn
_2rdamedia
338 _avolume
_bnc
_2rdacarrier
650 4 _aالفقه الحنبلي - ابن حنبل، احمد بن محمد بن حنبل 164-241 هجري
_928931
999 _aA11283
_c14851
_d14851